000
00283nam a2200121Ia 4500
005
20251222144631.0
008
251222s9999||||xx |||||||||||||| ||spa||
082
_a
303.33/M26
100
_a
Marcuse, Herbert
245
0
_a
La Sociedad Opresora
264
_b
Tiempo Nuevo
942
_c
LIB
999
_c
16292
_d
16292